00565 2200265 4500001002100000005001500021035002000036245003700056100001800093250000600111300001200117260003800129082000800167084001400175990001100189990001100200990001100211990001100222990001100233990001100244990001100255990001100266990001100277990001100288INLIS00000000000242320250604095823 a0010-06250000091 aHarimau-Harimau /cMochtar Lubis0 aMochtar Lubis a1 a214 hlm aJakarta :bYayasan Pustaka,c2001 a813 a813 MOC h a021910 a021911 a021912 a021913 a021914 a021915 a021916 a021917 a021918 a021919